000 00642nam a2200253Ia 4500
003 OSt
005 20220918163833.0
006 a|||||r|||| 00| 0
007 ta
008 220917b |||||||| |||| 00| 0 eng d
020 _a0312234805 (hbk)
024 _a157,604
037 _cTextual
040 _aARTS
_cARTS
_beng
041 _2eng
_aeng
082 _aV58g, P1
100 _aPaxton John
245 0 _aImperial Russia
_b a reference handbook
260 _aNew York
_bPalgrave
_c2001
300 _axiv, 257p.
_ccm.
650 _aHISTORY
942 _hV58g, P1
_cTEXL
_2CC
999 _c121727
_d121727